[Event "Olomouc Chess Summer 2017 - seniors"]
[Site "Olomouc (CZE)"]
[Date "2017.08.16"]
[Round "6"]
[White "Klimina, Nina"]
[Black "Chrenko, Peter"]
[Result "1-0"]
[WhiteElo "1589"]
[BlackElo "1897"]
[PlyCount "57"]
[EventDate "2017.??.??"]

1. e4 d6 2. f4 Nf6 3. Nc3 g6 4. Nf3 Bg7 5. d4 O-O 6. Be3 c6 7. Bd3 Bg4 8. O-O
Na6 9. a3 Nc7 10. Ne2 a6 11. c3 Rc8 12. e5 Nfd5 13. Bd2 b5 14. Ng3 c5 15. Qe1
Bxf3 16. Rxf3 cxd4 17. cxd4 Ne6 18. Qe4 Nb6 19. f5 Nxd4 20. Qxd4 Bxe5 21. Qg4
Nd5 22. fxg6 Qb6+ 23. Kh1 Qd4 24. gxf7+ Kh8 25. Qh5 Nf6 26. Rxf6 Qxd3 27. Rh6
Rc5 28. Nf5 Qxf5 29. Qxf5 1-0

[Event "Olomouc Chess Summer 2017 - GM"]
[Site "Olomouc (CZE)"]
[Date "2017.08.17"]
[Round "8.1"]
[White "Camarena Gimenez 2363, Rufino"]
[Black "Yagupov 2395, Igor"]
[Result "0-1"]
[WhiteElo "2363"]
[BlackElo "2395"]
[PlyCount "70"]
[EventDate "2017.??.??"]

1. d4 d5 2. c4 c6 3. Nf3 Nf6 4. e3 Bf5 5. Nc3 e6 6. Nh4 Be4 7. f3 Bg6 8. Qb3
Qc7 9. Bd2 Be7 10. g3 Bh5 11. e4 dxe4 12. fxe4 e5 13. dxe5 Nfd7 14. Nf5 Nc5 15.
Nxg7+ Kd8 16. Qc2 Bf3 17. Bf4 Bxh1 18. O-O-O+ Nbd7 19. e6 Qa5 20. exd7 Bf3 21.
Nf5 Bxd1 22. Qxd1 Ne6 23. e5 Bb4 24. Ne4 Qxa2 25. Bd3 Kc7 26. Nfd6 Rad8 27. Bb1
Qa5 28. Nxf7 Rxd7 29. Nfd6 Rf8 30. Qg4 Nxf4 31. gxf4 Bxd6 32. exd6+ Kd8 33. Qe6
Qf5 34. Qe5 Qxf4+ 35. Qxf4 Rxf4 0-1

[Event "Olomouc Chess Summer 2017 - GM"]
[Site "Olomouc (CZE)"]
[Date "2017.08.17"]
[Round "8.2"]
[White "Saiyn 2381, Zhanat"]
[Black "Koksal 2360, Ege"]
[Result "1/2-1/2"]
[WhiteElo "2381"]
[BlackElo "2360"]
[PlyCount "33"]
[EventDate "2017.??.??"]

1. d4 Nf6 2. Nf3 e6 3. c4 d5 4. Nc3 Nbd7 5. cxd5 exd5 6. Bf4 c6 7. e3 Nb6 8.
Qc2 Bd6 9. Bxd6 Qxd6 10. h3 O-O 11. Bd3 Re8 12. O-O Qe7 13. Ne5 Nbd7 14. f4 Nf8
15. Rae1 Be6 16. g4 h6 17. Qg2 1/2-1/2

[Event "Olomouc Chess Summer 2017 - GM"]
[Site "Olomouc (CZE)"]
[Date "2017.08.17"]
[Round "8.3"]
[White "Biolek-Jun. 2444, Richard"]
[Black "Vokac 2416, Marek"]
[Result "1/2-1/2"]
[WhiteElo "2444"]
[BlackElo "2416"]
[PlyCount "37"]
[EventDate "2017.??.??"]

1. d4 g6 2. c4 Bg7 3. Nc3 c5 4. d5 f5 5. e4 Bxc3+ 6. bxc3 fxe4 7. f3 e5 8. Qc2
d6 9. fxe4 Qh4+ 10. g3 Qe7 11. Nf3 Nd7 12. a4 Ndf6 13. Bd3 h6 14. Be3 Bh3 15.
Ng1 Bd7 16. Qg2 O-O-O 17. Nf3 Kb8 18. Bc2 Rf8 19. Rf1 1/2-1/2

[Event "Olomouc Chess Summer 2017 - GM"]
[Site "Olomouc (CZE)"]
[Date "2017.08.17"]
[Round "8.4"]
[White "Pulpan 2390, Jakub"]
[Black "Torma 2492, Robert"]
[Result "1/2-1/2"]
[WhiteElo "2390"]
[BlackElo "2492"]
[PlyCount "59"]
[EventDate "2017.??.??"]

1. e4 e6 2. d4 d5 3. Nc3 Nf6 4. Bg5 dxe4 5. Nxe4 Be7 6. Bxf6 gxf6 7. Nf3 f5 8.
Nc3 a6 9. g3 b5 10. Bg2 Bb7 11. Qe2 b4 12. Nd1 c5 13. dxc5 Nd7 14. O-O Nxc5 15.
Ne3 O-O 16. a3 bxa3 17. Rxa3 Qc7 18. Raa1 Bf6 19. c3 a5 20. Rfd1 Rab8 21. Nd4
Bxg2 22. Nxg2 a4 23. Nf4 Rfc8 24. Nh5 Bg7 25. Re1 h6 26. Nxg7 Kxg7 27. Nb5 Qe7
28. Nd4 Qc7 29. Nb5 Qe7 30. Nd4 1/2-1/2

[Event "Olomouc Chess Summer 2017 - GM"]
[Site "Olomouc (CZE)"]
[Date "2017.08.17"]
[Round "8.5"]
[White "Neuman 2457, Petr"]
[Black "Rosner 2405, Jonas"]
[Result "1/2-1/2"]
[WhiteElo "2457"]
[BlackElo "2405"]
[PlyCount "87"]
[EventDate "2017.??.??"]

1. Nf3 d5 2. g3 Bg4 3. Bg2 Nd7 4. d3 Ngf6 5. h3 Bh5 6. g4 Bg6 7. Nh4 c6 8. e3
e6 9. Nd2 Bd6 10. Qe2 Qe7 11. b3 e5 12. Bb2 a5 13. a3 Nc5 14. Ndf3 Nfd7 15.
Nxg6 hxg6 16. d4 Ne4 17. c4 exd4 18. Nxd4 O-O 19. O-O dxc4 20. Qxc4 Nd2 21. Qc3
Nxf1 22. Nf5 Bh2+ 23. Kxf1 Qf6 24. Qxf6 gxf6 25. Ne7+ Kh7 26. Rd1 Rad8 27. f4
Nc5 28. Rxd8 Rxd8 29. Bxf6 Rd2 30. b4 Nd3 31. Bh4 axb4 32. axb4 Nxb4 33. Be1
Rb2 34. Be4 Na6 35. f5 g5 36. f6+ Kh8 37. h4 Nc5 38. Bf5 gxh4 39. g5 Be5 40.
Bxh4 Rh2 41. g6 fxg6 42. Nxg6+ Kg8 43. f7+ Kxf7 44. Nxe5+ 1/2-1/2

[Event "Olomouc Chess Summer 2017 - GM"]
[Site "Olomouc (CZE)"]
[Date "2017.08.17"]
[Round "8.6"]
[White "Cernousek 2447, Lukas"]
[Black "Domogaev 2400, Sergey"]
[Result "0-1"]
[WhiteElo "2447"]
[BlackElo "2400"]
[PlyCount "176"]
[EventDate "2017.??.??"]

1. d4 Nf6 2. c4 g6 3. g3 Bg7 4. Bg2 O-O 5. Nf3 d6 6. O-O Nc6 7. Nc3 a6 8. Re1
Bg4 9. h3 Bxf3 10. Bxf3 Nd7 11. e3 e5 12. d5 Ne7 13. e4 f5 14. h4 Kh8 15. Bg5
f4 16. g4 Qe8 17. Bxe7 Qxe7 18. h5 Qg5 19. Kf1 Nf6 20. hxg6 hxg6 21. Ke2 Rf7
22. Rh1+ Kg8 23. Kd3 Rff8 24. Ne2 Nd7 25. Ng1 Kf7 26. Nh3 Qd8 27. g5 b5 28. Rc1
Nc5+ 29. Kc2 bxc4 30. Kb1 Qd7 31. Rxc4 Rh8 32. Bg4 Qb5 33. Qc2 a5 34. Rc1 Rab8
35. f3 Bf8 36. Rc3 Be7 37. Qd2 Rb7 38. R1c2 Rhb8 39. Qe2 Na4 40. Be6+ Kg7 41.
Rb3 Qxe2 42. Rxe2 Rxb3 43. axb3 Rxb3 44. Rc2 Bd8 45. Bg4 Re3 46. Rc4 Nc5 47.
Rc3 Kf8 48. Rxe3 fxe3 49. Kc2 a4 50. Bc8 Ke7 51. Bg4 Ke8 52. Bc8 Be7 53. Bg4
Kd8 54. Kc3 c6 55. dxc6 Kc7 56. Bd7 Bd8 57. Be8 Ne6 58. Bxg6 Bxg5 59. Nxg5 Nxg5
60. Kd3 Nxf3 61. Kxe3 Nd4 62. Bh5 Ne6 63. Bf7 Nd4 64. Bh5 Nb3 65. Bf7 Na5 66.
Kd3 Kb6 67. Be8 Nb3 68. Ke3 Nc5 69. Kf3 Nd3 70. c7 Kxc7 71. Bxa4 Nxb2 72. Bb3
Kb6 73. Ke3 Kc5 74. Be6 Kb4 75. Kd2 Na4 76. Kc2 Nc3 77. Kd3 Na4 78. Kc2 Nc5 79.
Bd5 Nd7 80. Be6 Nf6 81. Kd3 Nh5 82. Bf7 Nf4+ 83. Kd2 Nh3 84. Be6 Ng5 85. Bd5
Nf3+ 86. Ke3 Nd4 87. Kd3 Kc5 88. Ke3 Nc2+ 0-1

[Event "Olomouc Chess Summer 2017 - IM 1"]
[Site "Olomouc (CZE)"]
[Date "2017.08.17"]
[Round "7.1"]
[White "Klima 2332, Lukas"]
[Black "Mukashev 2199, Assan"]
[Result "1/2-1/2"]
[WhiteElo "2332"]
[BlackElo "2199"]
[PlyCount "118"]
[EventDate "2017.??.??"]

1. e4 c5 2. Nf3 e6 3. b3 Nc6 4. Bb5 Qb6 5. Nc3 d6 6. Bb2 Bd7 7. O-O Nf6 8. Re1
e5 9. Bc4 Be7 10. Nd5 Nxd5 11. Bxd5 O-O-O 12. h3 g5 13. Nh2 h5 14. Bxf7 Rdf8
15. Bxh5 c4 16. Re3 Kb8 17. Bg4 Be8 18. Rb1 cxb3 19. axb3 Bg6 20. Nf3 Rf4 21.
Qe2 Bf6 22. g3 Rxg4 23. hxg4 Qc7 24. Qf1 Qh7 25. Qg2 Bxe4 26. d3 Bd5 27. c4 Be6
28. Nh2 Qd7 29. b4 d5 30. b5 Nd4 31. Bxd4 exd4 32. Rxe6 Qxe6 33. Qxd5 Qxd5 34.
cxd5 Rd8 35. f4 Rxd5 36. Nf3 Kc7 37. Nd2 Bd8 38. Kf2 Kb6 39. Nc4+ Kc5 40. Kf3
Rd7 41. Nd2 a5 42. Ne4+ Kb6 43. fxg5 Rf7+ 44. Nf6 Bxf6 45. gxf6 Rxf6+ 46. Ke4
a4 47. g5 Rf8 48. g6 Rf6 49. g4 Rxg6 50. Kf5 Rg8 51. g5 Ka5 52. b6 a3 53. g6
Ka4 54. Kf6 a2 55. Rg1 Kb3 56. Kf7 Ra8 57. g7 Kb2 58. Rg2+ Kb3 59. Rg1 Kb2
1/2-1/2

[Event "Olomouc Chess Summer 2017 - IM 1"]
[Site "Olomouc (CZE)"]
[Date "2017.08.17"]
[Round "7.2"]
[White "Szotkowski 2374, Jakub"]
[Black "Karayev 2228, Kanan"]
[Result "1-0"]
[WhiteElo "2374"]
[BlackElo "2228"]
[PlyCount "65"]
[EventDate "2017.??.??"]

1. d4 Nf6 2. c4 e6 3. g3 d5 4. Bg2 Bb4+ 5. Bd2 Be7 6. Nf3 O-O 7. O-O c6 8. Qc2
Ne4 9. Rd1 Nd7 10. Be1 f5 11. e3 Bf6 12. Nc3 g5 13. b4 Qe7 14. b5 Nb6 15. bxc6
Nxc4 16. Nxe4 fxe4 17. Nd2 Nxd2 18. Bxd2 bxc6 19. Qxc6 Bd7 20. Qa6 Rab8 21.
Rab1 Qf7 22. Be1 e5 23. Rxb8 Rxb8 24. Qxa7 Rf8 25. dxe5 Bxe5 26. Bxe4 Be6 27.
Qxf7+ Kxf7 28. Bxd5 Bxd5 29. Rxd5 Ke6 30. Ra5 g4 31. Bb4 Rd8 32. Kg2 Rd1 33.
Ra7 1-0

[Event "Olomouc Chess Summer 2017 - IM 1"]
[Site "Olomouc (CZE)"]
[Date "2017.08.17"]
[Round "7.3"]
[White "Kulkarni 2291, Bhakti"]
[Black "Chetverik 2250, Maxim"]
[Result "1-0"]
[WhiteElo "2291"]
[BlackElo "2250"]
[PlyCount "105"]
[EventDate "2017.??.??"]

1. d4 f5 2. Bg5 g6 3. e3 Nh6 4. Nf3 Nf7 5. Bh4 Bg7 6. c4 b6 7. Nc3 Bb7 8. Nd5
Bf6 9. Nxf6+ exf6 10. d5 O-O 11. Be2 Na6 12. h3 Qe7 13. g4 fxg4 14. hxg4 Rae8
15. Qd4 Ne5 16. Nd2 Nc5 17. O-O-O g5 18. Bg3 a5 19. Rde1 d6 20. f4 Ng6 21. Bf3
Bc8 22. Rh5 Rf7 23. b3 Bd7 24. a4 Bc8 25. Kb2 Bd7 26. Ka3 Bc8 27. Bf2 Bd7 28.
Reh1 Bc8 29. Rh6 Rg7 30. Nf1 f5 31. gxf5 Bxf5 32. Ng3 Bc2 33. Nh5 Ne5 34. fxe5
dxe5 35. d6 exd4 36. dxe7 Rexe7 37. Nxg7 dxe3 38. Bd5+ Kxg7 39. Be1 e2 40. Bc3+
Kf8 41. Rf6+ Ke8 42. Bc6+ Nd7 43. Re1 Bd1 44. Rf5 g4 45. Rg5 Kf7 46. Rg7+ Ke6
47. Bxd7+ Rxd7 48. Rxg4 Kf5 49. Rh4 c5 50. Reh1 Bc2 51. Rxh7 Rd1 52. Re1 Bd3
53. Rhh1 1-0

[Event "Olomouc Chess Summer 2017 - IM 1"]
[Site "Olomouc (CZE)"]
[Date "2017.08.17"]
[Round "7.4"]
[White "Chkhaidze 2367, Nikoloz"]
[Black "Nagy 2472, Gabor"]
[Result "1/2-1/2"]
[WhiteElo "2367"]
[BlackElo "2472"]
[PlyCount "20"]
[EventDate "2017.??.??"]

1. Nf3 c5 2. c3 Nf6 3. d4 cxd4 4. cxd4 d5 5. Nc3 Nc6 6. Bf4 Bf5 7. e3 e6 8. Bd3
Bxd3 9. Qxd3 Bd6 10. Bxd6 Qxd6 1/2-1/2

[Event "Olomouc Chess Summer 2017 - IM 1"]
[Site "Olomouc (CZE)"]
[Date "2017.08.17"]
[Round "7.5"]
[White "Brhel 2113, Jan"]
[Black "Hoefelsauer 2357, Thomas"]
[Result "0-1"]
[WhiteElo "2113"]
[BlackElo "2357"]
[PlyCount "60"]
[EventDate "2017.??.??"]

1. d4 d5 2. c4 c6 3. Nf3 Nf6 4. Nc3 a6 5. cxd5 cxd5 6. e3 Nc6 7. Be2 e6 8. O-O
Bd6 9. Re1 O-O 10. b3 b5 11. Bb2 Bb7 12. Rc1 Rc8 13. Bd3 Qe7 14. e4 dxe4 15.
Nxe4 Nxe4 16. Rxe4 Nb4 17. Rh4 f5 18. Rxc8 Rxc8 19. Rh3 Nxd3 20. Qxd3 Be4 21.
Qe3 Rc2 22. Bc1 Qc7 23. Bd2 Rxa2 24. Ne1 Ra1 25. Qe2 b4 26. f3 Bd5 27. Kf2 Bxb3
28. Nd3 Bc4 29. f4 Ra2 30. Re3 Bxf4 0-1

[Event "Olomouc Chess Summer 2017 - IM 2"]
[Site "Olomouc (CZE)"]
[Date "2017.08.17"]
[Round "7.1"]
[White "Olsarova 2283, Karolina"]
[Black "Burnett 2209, Andrew"]
[Result "0-1"]
[WhiteElo "2283"]
[BlackElo "2209"]
[PlyCount "50"]
[EventDate "2017.??.??"]

1. e4 c5 2. Nf3 d6 3. d4 cxd4 4. Nxd4 Nf6 5. Nc3 Nc6 6. Bg5 Bd7 7. Qd2 Rc8 8.
O-O-O Nxd4 9. Qxd4 Qa5 10. Bxf6 gxf6 11. Kb1 Rg8 12. f4 Rg4 13. g3 f5 14. e5
Bg7 15. Qd3 Rg6 16. Bh3 Be6 17. Nd5 dxe5 18. Bxf5 Bxf5 19. Qxf5 e6 20. Qh3 Qc5
21. Nc3 e4 22. Qf1 Bxc3 23. bxc3 e5 24. Qe1 Qa3 25. Rd4 Rxc3 0-1

[Event "Olomouc Chess Summer 2017 - IM 2"]
[Site "Olomouc (CZE)"]
[Date "2017.08.17"]
[Round "7.2"]
[White "Nitish 2269, Belurkar"]
[Black "Galyas 2486, Miklos"]
[Result "1/2-1/2"]
[WhiteElo "2269"]
[BlackElo "2486"]
[PlyCount "20"]
[EventDate "2017.??.??"]

1. e4 e6 2. d4 d5 3. exd5 exd5 4. Nf3 Nf6 5. Bd3 Bd6 6. O-O O-O 7. Bg5 Bg4 8.
Nbd2 Nbd7 9. c3 c6 10. Qc2 Qc7 1/2-1/2

[Event "Olomouc Chess Summer 2017 - IM 2"]
[Site "Olomouc (CZE)"]
[Date "2017.08.17"]
[Round "7.3"]
[White "Mammadova 2277, Narmin"]
[Black "Biolek-Sen. 2439, Richard"]
[Result "1-0"]
[WhiteElo "2277"]
[BlackElo "2439"]
[PlyCount "171"]
[EventDate "2017.??.??"]

1. e4 c5 2. c3 d5 3. exd5 Qxd5 4. Nf3 Nf6 5. d4 Bg4 6. Nbd2 cxd4 7. Bc4 Qa5 8.
Qb3 Qb6 9. Bxf7+ Kd8 10. Nxd4 Nc6 11. Ne6+ Kd7 12. O-O Qxb3 13. Nxf8+ Rhxf8 14.
Bxb3 e5 15. Bc2 Kc7 16. Re1 b5 17. Nb3 h6 18. Nc5 Rae8 19. Bd3 Nd5 20. Bxb5 Kb6
21. Bxc6 Kxc6 22. Ne4 Bf5 23. a3 Nf6 24. Nd2 Bd3 25. Nf3 e4 26. Nd4+ Kd5 27. h3
Rc8 28. Be3 Rf7 29. Rad1 Rb7 30. Bc1 Kc4 31. f3 Re8 32. Nf5 Rd7 33. Nd4 exf3
34. Rxe8 Nxe8 35. Nxf3 Re7 36. Nd4 Bh7 37. Bd2 Nf6 38. b3+ Kd3 39. Be1+ Ke4 40.
Bf2 Rb7 41. c4 Bg8 42. Nb5 Rd7 43. Rxd7 Nxd7 44. Nxa7 Ne5 45. a4 Kd3 46. a5 Kc3
47. a6 Kxb3 48. Nc8 Bxc4 49. a7 Bd5 50. Nb6 Bb7 51. a8=Q Bxa8 52. Nxa8 Kc4 53.
Nc7 g5 54. Bg3 Nd3 55. Kf1 Kd4 56. Ke2 Ke4 57. Ne6 Nb4 58. Bd6 Nc6 59. Bf8 Kf5
60. Bxh6 Kxe6 61. Bxg5 Kf5 62. Be3 Ne5 63. Bd4 Ng6 64. Kf3 Nh4+ 65. Kg3 Ng6 66.
Be3 Ke4 67. Bc1 Kf5 68. Bd2 Ne5 69. Kh4 Kg6 70. Bf4 Nd7 71. g4 Nf6 72. Kg3 Nd5
73. Bd2 Nf6 74. Kf3 Nd5 75. h4 Nf6 76. Bc3 Nd5 77. Be5 Kh6 78. Ke4 Ne7 79. Bf4+
Kh7 80. h5 Kg7 81. Bd6 Ng8 82. g5 Kh7 83. Kf5 Kg7 84. Bb4 Kh7 85. Bf8 Kh8 86.
Kg6 1-0

[Event "Olomouc Chess Summer 2017 - IM 2"]
[Site "Olomouc (CZE)"]
[Date "2017.08.17"]
[Round "7.4"]
[White "Leeb 2207, Simon"]
[Black "Tymrakiewicz 2188, Rafal"]
[Result "0-1"]
[WhiteElo "2207"]
[BlackElo "2188"]
[PlyCount "60"]
[EventDate "2017.??.??"]

1. d4 Nf6 2. c4 c5 3. d5 e5 4. Nc3 d6 5. e4 g6 6. Be2 Na6 7. f4 exf4 8. Bxf4
Bg7 9. h4 O-O 10. Nh3 Re8 11. Nf2 Nc7 12. g4 Qe7 13. Qd3 Bxg4 14. Bxg4 Nxg4 15.
Nxg4 Bxc3+ 16. Kf2 Bd4+ 17. Kf3 h5 18. Nf2 Qf6 19. Raf1 b5 20. cxb5 Rab8 21. a4
a6 22. Kg3 axb5 23. a5 Ra8 24. e5 Bxe5 25. Nh3 c4 26. Qd2 Qf5 27. Kh2 b4 28.
Qxb4 Nxd5 29. Qd2 Nxf4 30. Nxf4 Rab8 0-1

[Event "Olomouc Chess Summer 2017 - IM 2"]
[Site "Olomouc (CZE)"]
[Date "2017.08.17"]
[Round "7.5"]
[White "Pranav 2155, Anand"]
[Black "Jurek 2274, Josef"]
[Result "1/2-1/2"]
[WhiteElo "2155"]
[BlackElo "2274"]
[PlyCount "76"]
[EventDate "2017.??.??"]

1. d4 Nf6 2. c4 e6 3. Nc3 Bb4 4. e3 c5 5. Nge2 cxd4 6. exd4 d5 7. a3 Be7 8.
cxd5 Nxd5 9. Nxd5 exd5 10. Nf4 Nc6 11. Be3 O-O 12. Bd3 Bg5 13. O-O Bxf4 14.
Bxf4 Qf6 15. Be3 Bf5 16. Be2 Rfe8 17. Qd2 h6 18. b4 Be4 19. Rfc1 Qg6 20. f3 Bf5
21. Bf1 Re7 22. Bf2 Qg5 23. Qxg5 hxg5 24. Rc5 Rd8 25. h3 f6 26. Rac1 Bg6 27.
Bb5 Be8 28. Kf1 Kf8 29. Bd3 Bf7 30. Rb1 Be8 31. b5 Na5 32. b6 axb6 33. Rxb6 Nc6
34. Rb3 Ra8 35. Rbc3 Rd8 36. Bb1 Bf7 37. Ba2 Red7 38. Rb5 Ra8 1/2-1/2

[Event "Olomouc Chess Summer 2017 - open"]
[Site "Olomouc (CZE)"]
[Date "2017.08.17"]
[Round "7.1"]
[White "Gombocz 1894, Ferenc Jr"]
[Black "Nasanjargal 2419, Urtnasan"]
[Result "0-1"]
[WhiteElo "1894"]
[BlackElo "2419"]
[PlyCount "58"]
[EventDate "2017.??.??"]

1. d4 Nf6 2. Nf3 e6 3. e3 d5 4. Bd3 c5 5. b3 Nc6 6. Bb2 Be7 7. O-O b6 8. Nbd2
Bb7 9. Ne5 O-O 10. f4 Rc8 11. a3 Nxe5 12. fxe5 Ne4 13. Nxe4 dxe4 14. Bc4 Qc7
15. Qg4 cxd4 16. exd4 b5 17. Bxb5 Qxc2 18. Rab1 e3 19. Be2 g6 20. Rfe1 Qd2 21.
Red1 h5 22. Rxd2 hxg4 23. Rdd1 Rc2 24. Re1 Be4 25. Kf1 f6 26. Rec1 fxe5+ 27.
Ke1 Rxb2 28. Rxb2 Bxa3 29. Rbc2 exd4 0-1

[Event "Olomouc Chess Summer 2017 - open"]
[Site "Olomouc (CZE)"]
[Date "2017.08.17"]
[Round "7.2"]
[White "Kula 2153, Dominik"]
[Black "Lushnikov 2121, Evgeny"]
[Result "1/2-1/2"]
[WhiteElo "2153"]
[BlackElo "2121"]
[PlyCount "69"]
[EventDate "2017.??.??"]

1. e4 c5 2. Nf3 Nc6 3. Bb5 g6 4. O-O Bg7 5. c3 e5 6. Re1 Nge7 7. d3 O-O 8. Be3
Qb6 9. Na3 d5 10. exd5 Nxd5 11. Qa4 Nxe3 12. Rxe3 Bd7 13. Nc4 Qc7 14. Qa3 b6
15. Bxc6 Bxc6 16. Ncxe5 Bb7 17. Rae1 Rfe8 18. Qb3 Kf8 19. Ng5 Bxe5 20. Rxe5
Rxe5 21. Rxe5 h6 22. Ne6+ fxe6 23. Qxe6 Qf7 24. Qd6+ Kg8 25. Re6 Re8 26. Rxg6+
Kh7 27. Rxh6+ Kg7 28. f3 Bc8 29. Rh4 Qg6 30. Qc7+ Kg8 31. Qf4 Re2 32. g3 Rxb2
33. Rh6 Rb1+ 34. Kf2 Rb2+ 35. Kg1 1/2-1/2

[Event "Olomouc Chess Summer 2017 - open"]
[Site "Olomouc (CZE)"]
[Date "2017.08.17"]
[Round "7.3"]
[White "Mitchell 2228, Martin"]
[Black "Steiner 2185, Bruno"]
[Result "1-0"]
[WhiteElo "2228"]
[BlackElo "2185"]
[PlyCount "55"]
[EventDate "2017.??.??"]

1. d4 d5 2. c4 e6 3. Nc3 c6 4. e4 dxe4 5. Nxe4 Bb4+ 6. Nc3 c5 7. a3 Ba5 8. dxc5
Bxc3+ 9. bxc3 Qa5 10. Nf3 Nf6 11. Qc2 Nbd7 12. Bf4 Qxc5 13. Bd3 e5 14. Bg5 h6
15. Bh4 b6 16. O-O O-O 17. Rfe1 Re8 18. Nd2 Bb7 19. Bf5 e4 20. Nxe4 g5 21.
Nxf6+ Nxf6 22. Bg3 Qxc4 23. f3 Nd5 24. Be6 fxe6 25. Qg6+ Kf8 26. Bd6+ Ne7 27.
Rxe6 Rad8 28. Rf6+ 1-0

[Event "Olomouc Chess Summer 2017 - open"]
[Site "Olomouc (CZE)"]
[Date "2017.08.17"]
[Round "7.4"]
[White "Zdrazil 1892, Jan"]
[Black "Wiegers 1878, Kasper"]
[Result "1/2-1/2"]
[WhiteElo "1892"]
[BlackElo "1878"]
[PlyCount "82"]
[EventDate "2017.??.??"]

1. e4 c5 2. Nf3 d6 3. d4 cxd4 4. Nxd4 Nf6 5. Nc3 a6 6. Bg5 e6 7. f4 Be7 8. Qf3
Qb6 9. O-O-O h6 10. Bh4 Nc6 11. Nxc6 bxc6 12. e5 dxe5 13. fxe5 Nd5 14. Bxe7
Kxe7 15. Nxd5+ cxd5 16. Qa3+ Kd7 17. c4 Bb7 18. Be2 Rhc8 19. Qg3 Kc7 20. Rhf1
Rf8 21. Qxg7 Qe3+ 22. Rd2 Rac8 23. Rxf7+ Rxf7 24. Qxf7+ Kb8 25. Qxe6 Qg1+ 26.
Kc2 Qxg2 27. Bd3 Qf3 28. Qd6+ Ka7 29. c5 Qe3 30. b4 Bc6 31. b5 Bxb5 32. Bxb5
Rxc5+ 33. Kd1 Qg1+ 34. Ke2 Qxh2+ 35. Kd1 Qg1+ 36. Ke2 Qh2+ 37. Kd1 Qg1+ 38. Ke2
Qg4+ 39. Kf2 Qf4+ 40. Ke2 Qe4+ 41. Kf2 Qf4+ 1/2-1/2

[Event "Olomouc Chess Summer 2017 - open"]
[Site "Olomouc (CZE)"]
[Date "2017.08.17"]
[Round "7.5"]
[White "Hoerr 2196, Matthias"]
[Black "Valenta 2086, Vit"]
[Result "1-0"]
[WhiteElo "2196"]
[BlackElo "2086"]
[PlyCount "111"]
[EventDate "2017.??.??"]

1. e4 e5 2. Nc3 Nf6 3. g3 g6 4. Bg2 Bg7 5. Nge2 O-O 6. O-O Nc6 7. f4 d6 8. d3
Bd7 9. Be3 Ng4 10. Bd2 exf4 11. Bxf4 Nd4 12. h3 Nxe2+ 13. Nxe2 Ne5 14. Qd2 Nc6
15. c3 Qe7 16. Rae1 Rae8 17. g4 Be6 18. b3 Kh8 19. d4 Bc8 20. Nc1 Nd8 21. Nd3
Ne6 22. Bg3 Qg5 23. Qxg5 Nxg5 24. h4 Ne6 25. e5 dxe5 26. Nxe5 Kg8 27. b4 c6 28.
Nc4 Rd8 29. Nd6 Rd7 30. b5 cxb5 31. Nxb5 a6 32. Nd6 Rfd8 33. Nc4 Nxd4 34. cxd4
Rxd4 35. Bc7 Rf8 36. Nd6 Rxg4 37. Re4 Rxe4 38. Nxe4 Bd4+ 39. Kh1 Be6 40. Rd1
Bg7 41. a3 Bb2 42. a4 Rc8 43. Rd8+ Rxd8 44. Bxd8 b5 45. a5 Ba3 46. Nf6+ Kg7 47.
Bb7 b4 48. Bxa6 Bb2 49. Ne8+ Kf8 50. Nc7 Ba2 51. Bb5 Bd4 52. a6 Bb1 53. Ba4 Ba2
54. Bf6 Bb6 55. Bc6 Bc4 56. Nb5 1-0

[Event "Olomouc Chess Summer 2017 - open"]
[Site "Olomouc (CZE)"]
[Date "2017.08.17"]
[Round "7.6"]
[White "Houska 2202, Jiri"]
[Black "Trevelyan 2047, John"]
[Result "1-0"]
[WhiteElo "2202"]
[BlackElo "2047"]
[PlyCount "85"]
[EventDate "2017.??.??"]

1. e4 d6 2. d4 e5 3. Nf3 Nc6 4. Bb5 Bd7 5. O-O Nf6 6. Nc3 Nxd4 7. Nxd4 exd4 8.
Bxd7+ Qxd7 9. Qxd4 Be7 10. b3 O-O 11. Bb2 Rfe8 12. Nd5 c6 13. Nxe7+ Qxe7 14. f3
Qe5 15. Rad1 Re6 16. Qxe5 dxe5 17. Rd3 Kf8 18. Rfd1 Ke8 19. a4 Rc8 20. g4 h6
21. h4 Rc7 22. Rd8+ Ke7 23. Ra8 b6 24. Rd3 h5 25. g5 Nd7 26. Kf2 g6 27. Ke3 Rd6
28. f4 exf4+ 29. Kxf4 Rxd3 30. cxd3 c5 31. Bg7 Rb7 32. Rc8 a5 33. e5 Nb8 34.
Bf6+ Kd7 35. Rf8 Kc6 36. Ke4 c4 37. Rc8+ Rc7 38. Rxc7+ Kxc7 39. bxc4 Kd7 40.
Bg7 Na6 41. Bf8 Nc5+ 42. Bxc5 bxc5 43. Kd5 1-0

[Event "Olomouc Chess Summer 2017 - open"]
[Site "Olomouc (CZE)"]
[Date "2017.08.17"]
[Round "7.7"]
[White "Baasansuren 2169, Erdene"]
[Black "Dolansky 2024, Lukas"]
[Result "1/2-1/2"]
[WhiteElo "2169"]
[BlackElo "2024"]
[PlyCount "76"]
[EventDate "2017.??.??"]

1. d4 d5 2. c4 e6 3. Nf3 Nf6 4. g3 Bb4+ 5. Bd2 Be7 6. Bg2 O-O 7. O-O c6 8. Qc2
Nbd7 9. Rd1 b6 10. b3 Ba6 11. a4 Rc8 12. a5 b5 13. c5 Ne4 14. Ne1 f5 15. Be3
Bf6 16. f3 Nexc5 17. b4 Nb7 18. Nc3 Qe7 19. Nd3 e5 20. dxe5 Nxe5 21. Bc5 Nxc5
22. Nxc5 Nc4 23. Rd3 Bb7 24. e4 dxe4 25. fxe4 Rcd8 26. Rad1 Bc8 27. Rxd8 Rxd8
28. Rxd8+ Qxd8 29. Ne2 Bd4+ 30. Kh1 Bxc5 31. bxc5 Qxa5 32. exf5 Qe1+ 33. Ng1
Qe5 34. Qd3 Bxf5 35. Qd8+ Kf7 36. Nf3 Qa1+ 37. Ng1 Qe5 38. Nf3 Qa1+ 1/2-1/2

[Event "Olomouc Chess Summer 2017 - open"]
[Site "Olomouc (CZE)"]
[Date "2017.08.17"]
[Round "7.8"]
[White "Leite Oralova 2164, Catarina"]
[Black "Zaehringer 2015, Daniel"]
[Result "0-1"]
[WhiteElo "2164"]
[BlackElo "2015"]
[PlyCount "100"]
[EventDate "2017.??.??"]

1. e4 e5 2. Nf3 Nf6 3. d3 Nc6 4. Be2 d5 5. Nbd2 Bc5 6. c3 a6 7. h3 h6 8. Qc2
Be6 9. Nf1 d4 10. c4 Qd7 11. a3 a5 12. b3 Nh7 13. Ng3 Be7 14. Nh5 Rg8 15. Ng3
Ng5 16. Nh2 g6 17. Bd2 f5 18. f4 exf4 19. Bxf4 fxe4 20. Bxg5 Bxg5 21. Nxe4 Bh4+
22. g3 Be7 23. Bg4 Ne5 24. Qe2 h5 25. Bxe6 Qxe6 26. Nf3 Nxf3+ 27. Qxf3 Rf8 28.
Qg2 O-O-O 29. Kd2 Kb8 30. Kc2 Rde8 31. b4 axb4 32. axb4 Bxb4 33. Rhb1 c5 34.
Rf1 Rxf1 35. Rxf1 Qa6 36. Rf2 Qa2+ 37. Kc1 Qa1+ 38. Kc2 Bc3 39. Qf1 Qa4+ 40.
Kc1 Qa1+ 41. Kc2 Qa4+ 42. Kc1 Re6 43. Rf6 Qa1+ 44. Kc2 Qb2+ 45. Kd1 Rxf6 46.
Qxf6 Qb1+ 47. Ke2 Qc2+ 48. Kf3 Qxd3+ 49. Kf4 Qe3+ 50. Ke5 d3+ 0-1

[Event "Olomouc Chess Summer 2017 - open"]
[Site "Olomouc (CZE)"]
[Date "2017.08.17"]
[Round "7"]
[White "Schmid, Thomas"]
[Black "Narendran, Gouthaman"]
[Result "1/2-1/2"]
[WhiteElo "2127"]
[BlackElo "1952"]
[PlyCount "46"]
[EventDate "2017.??.??"]

1. e4 c5 2. Nf3 d6 3. Bb5+ Nd7 4. c3 Ngf6 5. Qe2 a6 6. Ba4 g6 7. O-O b5 8. Bc2
Bg7 9. d4 cxd4 10. cxd4 Nb6 11. a3 O-O 12. Nc3 Bb7 13. b3 e5 14. dxe5 dxe5 15.
Bb2 Qe7 16. Qe3 Nbd7 17. h3 Rac8 18. Rad1 Rfd8 19. b4 a5 20. bxa5 b4 21. axb4
Qxb4 22. Ba1 Qxa5 23. Nd2 Qc5 1/2-1/2

[Event "Olomouc Chess Summer 2017 - open"]
[Site "Olomouc (CZE)"]
[Date "2017.08.17"]
[Round "7"]
[White "Musil, Vitezslav"]
[Black "Kusenkova, Natallia"]
[Result "0-1"]
[WhiteElo "1963"]
[BlackElo "2088"]
[PlyCount "84"]
[EventDate "2017.??.??"]

1. Nf3 c5 2. g3 g6 3. Bg2 Bg7 4. O-O Nc6 5. d3 d5 6. c4 d4 7. Na3 Nf6 8. Nc2
O-O 9. Rb1 a5 10. b3 Nd7 11. a3 Ra7 12. b4 b6 13. Bd2 Bb7 14. Nh4 Ba8 15. Qc1
Qc7 16. Bh6 e5 17. Nf5 Bxh6 18. Nxh6+ Kg7 19. h4 f5 20. g4 fxg4 21. Nxg4 Rf4
22. f3 Ne7 23. Qe1 h5 24. e3 dxe3 25. Ngxe3 Qd6 26. Qc3 Rxh4 27. bxa5 bxa5 28.
Rb5 a4 29. f4 Nc6 30. f5 Nd4 31. Qb2 Bxg2 32. Nxg2 Rh3 33. Nce3 Nxb5 34. cxb5
Rb7 35. fxg6 Qxg6 36. Nf5+ Kh7 37. Ne7 Qe6 38. Nf5 Nf6 39. Ngh4 Qd5 40. Ng2 Ng4
41. Qc2 Qxd3 42. Qxa4 Rh1+ 0-1